00973cam a22002658i 450000100090000000300040000900500170001300800410003001000170007102000180008804000230010604200080012905000250013708200190016210000200018124500720020126300090027326400820028230000140036450400510037865000490042965000270047870000180050577601840052318145628OSt20230823114152.0140509s2014 enk b 001 0 eng  a 2014017816 a9788126558728 aDLCbengcDLCerda apcc00aHG4027.5b.S465 201400a658.159bSHA/I aShapiro, Alan C10aInternational financial management /cAlan C. Shapiro, Peter Moles. a1408 1aChichester, West Sussex, United Kingdom :bJohn Wiley and Sons, Inc.,c[2014] a716 pages aIncludes bibliographical references and index. 0aInternational business enterprisesxFinance. 0aInternational finance.1 aMoles, Peter.08iOnline version:aShapiro, Alan C.tInternational financial managementdChichester, West Sussex, United Kingdom : John Wiley and Sons, Inc., [2014]z9781118953549w(DLC) 2014018860